Nuevos sujetos políticos y comunicación en Centro América /
Se presentan los planteamientos teórico-metodológicos fundamentales utilizados en la investigación 'Difusión dominante y comunicación alternativa en Centroamérica'. También incluye una serie de cuadros que recogen los resultados parciales del censo realizado durante la primera etapa de la...
Đã lưu trong:
| Tác giả chính: | |
|---|---|
| Định dạng: | Sách |
| Ngôn ngữ: | Spanish |
| Những chủ đề: | |
| Các nhãn: |
Thêm thẻ
Không có thẻ, Là người đầu tiên thẻ bản ghi này!
|
MARC
| LEADER | 00000nam a22000007a 4500 | ||
|---|---|---|---|
| 003 | cru IIS | ||
| 005 | 20220316091928.0 | ||
| 008 | 220316b |||||||| |||| 00| 0 spa d | ||
| 040 | |c cru IIS | ||
| 100 | 1 | |9 8132 |a Sol Arriaza, Ricardo |e Autor | |
| 245 | |a Nuevos sujetos políticos y comunicación en Centro América / |c Ricardo Sol A. | ||
| 300 | |a 42 páginas : |b tablas | ||
| 500 | |a Colección Centroamérica | ||
| 520 | |a Se presentan los planteamientos teórico-metodológicos fundamentales utilizados en la investigación 'Difusión dominante y comunicación alternativa en Centroamérica'. También incluye una serie de cuadros que recogen los resultados parciales del censo realizado durante la primera etapa de la investigación, así como algunas conclusiones generales de carácter preliminar. Destaca que se captado la existencia de redes comunicativas que conforman los medios masivos y que adquieren características propias acordes con la relación entre estado y sociedad civil. Entre las conclusiones apunta que existe una clara diferencia entre el tipo, nivel de complejidad y grado de extensión de las redes comunicativas en cada país centroamericano. Por otra parte, se observa una gran desarticulación de comunicación masiva. EBZ/mb | ||
| 650 | 4 | |9 3211 |a METODOLOGIA | |
| 650 | 0 | |9 76 |a TEORIA SOCIAL | |
| 650 | 4 | |9 5078 |a COMUNICACION DE MASAS | |
| 650 | 0 | |9 10 |a MEDIOS DE COMUNICACION DE MASAS | |
| 650 | 0 | |9 4771 |a DIFUSION DE LA INFORMACION | |
| 650 | 0 | |9 623 |a CULTURA POPULAR | |
| 650 | 0 | |9 2091 |a SOCIEDAD CIVIL | |
| 650 | 0 | |9 3 |a MOVIMIENTOS SOCIALES | |
| 650 | 0 | |9 1853 |a PRENSA | |
| 650 | 0 | |9 2959 |a RADIO | |
| 650 | 0 | |9 1673 |a TELEVISION | |
| 650 | 0 | |9 10314 |a INDUSTRIA DEL LIBRO | |
| 650 | 0 | |9 4314 |a FORMACION PROFESIONAL | |
| 651 | 4 | |9 1928 |a EL SALVADOR | |
| 942 | |2 ddc |c PP | ||
| 999 | |c 44143 |d 44143 | ||
| 773 | 0 | |0 18901 |9 6723 |a Universidad de Costa Rica. |d San José, Costa Rica CSUCA, 1986- |o MFN: 13555 |t Cuadernos de Investigación CSUCA / | |
